Clinical Dental Sciences Review (Record no. 33260)

MARC details
000 -LEADER
fixed length control field 00270nam a22001217a 4500
003 - CONTROL NUMBER IDENTIFIER
control field SGT
082 ## - DEWEY DECIMAL CLASSIFICATION NUMBER
Classification number 617.6
Item number C75M
100 ## - MAIN ENTRY--PERSONAL NAME
Personal name Marco. Thomas J.
245 ## - TITLE STATEMENT
Title Clinical Dental Sciences Review
260 ## - PUBLICATION, DISTRIBUTION, ETC. (IMPRINT)
Name of publisher, distributor, etc Arco Publishing Co.
Year of Publication 1975
300 ## - PAGE DESCRIPTION
No. of Pages 344
942 ## - ADDED ENTRY ELEMENTS (KOHA)
Source of classification or shelving scheme Dewey Decimal Classification
Koha item type Rare Books
Holdings
Withdrawn status Lost status Source of classification or shelving scheme Damaged status Use restrictions Not for loan Home library Current library Date acquired SGTU Total Checkouts Full call number Accession No. (Barcode) Date last seen Bill Date Koha item type
    Dewey Decimal Classification   Restricted Access Not For Loan SGT Dental Library SGT Dental Library 06/01/2026 SGTU   617.6 C75M FD10169 06/01/2026 06/01/2026 Rare Books